00539 2200193 4500001002100000008004100021035002000062245007000082100002000152250001000172260003800182300002800220020002200248084001600270082001000286650002700296990001100323990001100334INLIS000000000015166 ind  a0010-1222000245 a120 Resep Sambal Dan Saus NusantaracReva Divantari;editor; Derry aREVA, Divantari acet.1 aDepok :bSenja Media Utama,c2022 a133 hlm.: ilus.c21 cm. a978-602-6563-51-4 a641.5 REV s a641.5 aMAKANAN, RESEP MASAKAN a9775 a a9775 b